000 00803nam a2200253 i 4500
001 16720
003 ES-MaACL
005 20230906151401.0
007 t|
008 001026s2000 sp ||||1| spa d
080 _a929:77 Camarillo Hierro, Tomás
080 _a914.602.81(0:77)
100 1 _aCamarillo Hierro, Tomás.
_934014
245 1 0 _aGuadalajara
_b: memorias de mi vida /
_cTomás Camarillo Hierro.
260 _a[Madrid] :
_bCasa de Guadalajara en Madrid,
_c2000.
300 _a185 p. ;
_c20 cm.
490 1 _aGuadamadrid ;
_v6
600 1 4 _aCamarillo Hierro, Tomás.
_934014
651 4 _aGuadalajara (Provincia)-
_xHistoria.
_98795
710 2 _aCasa de Guadalajara en Madrid.
_92471
830 1 _aGuadamadrid ;
_v6
_9183178
852 _aES-MaACL
_jL-23806
999 _c16720
_d16720